000
00236nam a2200097Ia 4500
008
231212s1936 xx 000 0 und d
041
_a
eng
100
_a
Ramamoorty M.
245
_a
An Introduction To
260
_a
New Delhi
_b
Affilat
_c
1936
999
_c
958928
_d
958928